|
|
|
|
| LEADER |
00000nab a2200000 a 4500 |
| 001 |
vtls000472775 |
| 003 |
SK-MaSNL |
| 005 |
20260303231228.0 |
| 008 |
230120c1992 xo 0 slo |
| 015 |
|
|
|a SNBRB19rr/mm-uuuuu
|
| 035 |
|
|
|a CL0472909
|
| 035 |
|
|
|a urn:nbn:sk:snk-abbb8
|
| 035 |
|
|
|a (urnnbn)urn:nbn:sk:snk:ar-0058t8
|
| 035 |
|
|
|a (uuid)946ad6fc-a784-4981-9d77-fbf9a6054488
|
| 040 |
|
|
|a SNKBUCL
|b slo
|c SNKBUCL
|e AACR2
|
| 041 |
0 |
|
|a slo
|
| 044 |
|
|
|a xo
|c SK
|
| 080 |
|
|
|a 630 228:630 236:582.632.2:519.246
|2 1981
|
| 080 |
|
|
|a 582.632.2
|2 1981
|
| 080 |
|
|
|a 519.246
|2 1981
|
| 100 |
1 |
|
|a Saniga, Milan,
|d 1951-
|4 aut
|9 198189
|
| 245 |
1 |
0 |
|a Stochastický model mortality a výškových presunov v prirodzenom vývoji bukovej mladiny
|c Milan Saniga, František Husárik
|
| 300 |
|
|
|b Tab. 4, res. angl., lit. 6 zázn. v angl., češ., slov.
|
| 650 |
0 |
7 |
|a bukové porasty
|2 snkbucl
|9 78544
|
| 650 |
0 |
7 |
|a stochastické modely
|2 snkbucl
|9 100720
|
| 655 |
|
7 |
|a články z novín a časopisov
|2 snkbucl
|9 267496
|
| 700 |
1 |
|
|a Husárik, František
|4 aut
|9 292019
|
| 773 |
0 |
|
|t Lesnícky časopis
|g Roč. 38, č. 2 (1992), s. 93-101
|x 0323-1046
|
| 850 |
|
|
|a Slovenská národná knižnica v Martine
|a MTA001
|
| 852 |
|
|
|a SNK
|b KIS3GCP
|
| 954 |
|
|
|a odborná, vedecká literatúra pôvodná (slovenská)
|2 lita
|
| 958 |
|
|
|a OND
|
| 958 |
|
|
|a NB
|
| 958 |
|
|
|a RK
|
| 958 |
|
|
|a EUIPO
|
| 958 |
|
|
|a article2022
|
| 992 |
|
|
|a RBX
|
| 999 |
|
|
|c 2265949
|d 2267879
|